000 00466cam a2200181ua 4500
020 _cRs 1.50
041 _amal
_h
082 _a894.812 09
_bCHA/KA
100 _aChandrasekharan Nair, C K .
245 _aKarnabhushanathinte mattu /
_cC K Chandrasekharan Nair.
_hTextual Documents
250 _a1 /
_b.
260 _aUllur :
_bUllur Publishers ,
_c1966.
300 _a97 ; .
365 _aRs 1.50
504 _a
942 _cBK
999 _c4140
_d4140